Lecciones de patología general / (Record no. 45628)

MARC details
000 -LEADER
campo de control de longitud fija 00677nam a2200193 i 4500
001 - NÚMERO DE CONTROL
campo de control 45628
003 - IDENTIFICADOR DE NÚMERO DE CONTROL
campo de control ES-MaACL
005 - FECHA Y HORA DE LA ÚLTIMA TRANSACCIÓN
campo de control 20230906161241.0
007 - CAMPO FIJO DE DESCRIPCIÓN FÍSICA--INFORMACIÓN GENERAL
campo de control de longitud fija t|
008 - DATOS DE LONGITUD FIJA--INFORMACIÓN GENERAL
campo de control de longitud fija 030326m18871888sp ||||1| spa d
100 1# - ENTRADA PRINCIPAL--NOMBRE DE PERSONA
Nombre de persona Cohnheim, Julius Friedrich.
9 (RLIN) 39528
245 10 - MENCIÓN DEL TÍTULO
Título Lecciones de patología general /
Mención de responsabilidad, etc. por Julio Cohnheim ; traducción de Luis Paris Zejin, [M. Carreras Sanchis y C. Compaired Cabodevilla].
260 ## - PUBLICACIÓN, DISTRIBUCIÓN, ETC.
Lugar de publicación, distribución, etc. Madrid :
Nombre del editor, distribuidor, etc. Robles,
Fecha de publicación, distribución, etc. [1887-1888] (
Fabricante Gabriel Pedraza)
300 ## - DESCRIPCIÓN FÍSICA
Extensión 2 v. ;
Dimensiones 23 cm.
700 1# - ENTRADA AGREGADA--NOMBRE PERSONAL
Nombre de persona Paris Zejin, Luis.
9 (RLIN) 89150
700 0# - ENTRADA AGREGADA--NOMBRE PERSONAL
Nombre de persona Carreras Sanchís, Manuel.
9 (RLIN) 35680
700 1# - ENTRADA AGREGADA--NOMBRE PERSONAL
Nombre de persona Compaired Cabodevilla, C.
9 (RLIN) 40029
852 ## - LOCALIZACIÓN
Ubicación ES-MaACL
Número de control de estantería F-11788-89
Holdings
Estatus retirado Estado de pérdida Estado de daño No para préstamo Colección Biblioteca de origen Biblioteca actual Ubicación en estantería Fecha de adquisición Fuente de adquisición Total de préstamos Signatura topográfica completa Código de barras Visto por última vez Precio de reemplazo Tipo de ítem Koha
        Libros del s. XIX Biblioteca del Ateneo de Madrid Biblioteca del Ateneo de Madrid Sala Pecera Planta 2 17/01/2008     F-11788-89 1048005 23/02/2023 23/02/2023 Libro impreso antiguo